| 000 | 01073cam a2200289 4500 | ||
|---|---|---|---|
| 001 | J92761 | ||
| 008 | 090401t1998 xxu||||| |||| 00| 0 eng d | ||
| 035 | _a(Sirsi) u87290 | ||
| 041 | _aeng | ||
| 050 | _a692.8 | ||
| 110 |
_aJoint Contracts Tribunal _93664 |
||
| 245 | _aAgreement for minor building works including supplementary memorandum 1980 edition ... Amendment MW11: 1998 and guidance notes issued April 1998 ... | ||
| 260 |
_aLondon _bRIBA Publications _c1998 |
||
| 300 | _a24p. ; 30cm. | ||
| 350 | _a0 | ||
| 650 | _aAGREEMENT FOR MINOR BUILDING WORKS 1980 | ||
| 650 | _aBUILT ENVIRONMENT-BUILDING CONTRACT FORMS | ||
| 650 | _aLATHAM REFORMS | ||
| 650 | _aBUILT ENVIRONMENT-BUILDING CONTRACT FORMS | ||
| 650 | _aHOUSING GRANTS, CONSTRUCTION AND REGENERATION ACT 1996 PART II | ||
| 650 | _aBUILT ENVIRONMENT-BUILDING CONTRACT FORMS-STANDARD FORMS OF BUILDING CONTRACT-JOINT CONTRACTS TRIBNUAL CONTRACTS | ||
| 650 | _aLATHAM REFORMS | ||
| 650 | _aMW11 | ||
| 690 | _aBUILT ENVIRONMENT-BUILDING CONTRACT FORMS | ||
| 942 | _n0 | ||
| 948 | _c08/07/1998 | ||
| 999 |
_c97210 _d97210 |
||